Statistiken für Von den Simpsons bereiste Länder

Klicken Sie hier um das Quiz zu spielen!

Allgemein

  • Dieses Quiz wurde 186 mal gespielt
  • Das Durchschnittsergebnis liegt bei 15 aus 21

Antworten auf der Karte

Die Antworten werden auf der Karte rot bzw. grün angezeigt, abhängig davon wie oft sie richtig erraten wurden.
 

Antwortstatistiken

EpisodeBesucht vonLand% Korrekt
13.11, 14.12, 16.06, 21.12, 30.21alleKanada
99%
allealleVereinigte Staaten
98%
4.01, 21.22alleMexiko
97%
13.15, 25.16alleBrasilien
96%
6.16alleAustralien
95%
7.20, 16.12, 22.12alleChina
95%
9.19HomerRussland
95%
1.11, 15.21, 21.05, 27.20alleFrankreich
93%
17.07, 17.08alleItalien
91%
5.13, 17.17alleIndien
89%
10.23alleJapan
88%
10.21, 15.04alleVereinigtes Königreich
87%
20.14alleIrland
74%
9.20, 28.07alleKuba
72%
24.21HomerIsland
66%
20.02allePeru
57%
16.07, 22.01Bart, Homer, MargeNiederlande
56%
21.16alleIsrael
38%
20.02 (erwähnt)alleEcuador
32%
12.17alleTansania
14%
11.15HomerFöderierte Staaten von Mikronesien
2%

Verteilung der Resultate

Perzentil nach korrekt beantworteten Fragen

Anzahl Personen mit jedem Resultat

Ihre Resultats-Entwicklung

Sie haben dieses Quiz noch nicht gespielt